000 00669nam a22002297a 4500
005 20170124110227.0
010 _aA-950252
020 _c260.00
_a8171770959
035 _aA-950252
037 _bCen Lib/Ret
040 _aDPL
_bEN
082 _a342.068
_bPAL
100 _aPal, Samaraditya
_940987
245 _aThe law relating to public service /
_cby Samaraditya Pal
260 _aCalcutta
_bEastern law house
_c1998
270 _bCalcutta
_a54 Ganesh Chunder avenue
_e700013
300 _a819p.
_c23cm(Hb)
500 _aIncludes index
650 _aLaw
_9104
650 _aPublic service law
_940988
942 _2ddc
_cEN
_h342.068
_mPAL
999 _c134527
_d134527